02308nam a2200253uu 4500001000800000005001700008007001000025008004100035035001200076040001300088041000800101080000700109100005000116245010700166260003500273300001700308520149500325650003501820650001901855650001401874650003301888700007201921856006101993140656820250228153625.0cr|||||||150417s2014 spa  a1406568 ccomduadb aspa aPA10aBedoya Rendón, Verónica María4auteaut13aLa televisión como otro modo de conexión entre docentes y estudiantes. ¿Quién tiene el control? aMedellín :bAutor(a),c2014. a31 páginas3 aDurante mi proceso académico, específicamente el de la Práctica Pedagógica he habitado dos espacios totalmente diferentes. El primero de ellos, la institución educativa Marco Fidel Suárez. La zona en la que se encuentra la institución, en general, es comercial (la institución está rodeada de tiendas, panaderías, cafeterías, almacenes, bares, etc.) debido a que está ubicada en un espacio central: a sólo dos cuadras del parque principal del municipio de Bello, Antioquia; por lo que también es importante mencionar su cercanía a la iglesia, la alcaldía municipal, el edificio del concejo; lugares que por su posición frente a las dinámicas políticas y de creencias frente a la realidad, juegan un papel muy importante en el desarrollo de la cotidianidad y también de los avatares en cuanto a la vida académica. El segundo espacio visitado durante mi práctica pedagógica fue el municipio de El Retiro- Antioquia, un ambiente significativamente diferente comparado con el primero. La zona en la que se ubica la Institución Educativa Ignacio Botero Vallejo es de tipo urbano aunque debido a su distancia de la ciudad de Medellín, presenta aun rasgos de la ruralidad. Ubicada en una zona central del municipio, cuenta a su alrededor con tiendas, supermercados, papelerías, cafeterías, restaurantes y, por supuesto el parque principal, la iglesia y la casa de gobierno. No es un lugar muy transitado y es bastante tranquilo. 7aComprensión de lectura2lemb 7aEscuelas2lemb aNarrativa 7aComunicación escrita2lemb 0aEstrada Escobar, Luis FernandocMagíster en Educación4thseths4 uhttp://ayura.udea.edu.co:8080/jspui/handle/123456789/651